00379 2200157 4500001002100000005001500021035002000036245003800056100001700094300001100111260004700122082000800169084001400177020001800191990001200209INLIS00000000000177020250505032342 a0010-05250000621 aAnak - Anak Surau /cSeno Subroto0 aSeno Subroto a94 hlm aSolo :bPT. Era Adicitra Intermedia,c2011 a813 a813 SEN a a979-3414-78-2 a0754597